Quê hương địa đạo: Truyện và ký ; Tuyển thơ Viễn Phương: Thơ
Gardado en:
| Autor Principal: | |
|---|---|
| Formato: | Libro |
| Idioma: | Undetermined |
| Publicado: |
Hà Nội
Hội Nhà văn
2015
|
| Những chủ đề: | |
| Các nhãn: |
Engadir etiqueta
Sen Etiquetas, Sexa o primeiro en etiquetar este rexistro!
|
| Thư viện lưu trữ: | Trung tâm Học liệu Trường Đại học Cần Thơ |
|---|
| LEADER | 00615nam a2200193Ia 4500 | ||
|---|---|---|---|
| 001 | CTU_210256 | ||
| 008 | 210402s9999 xx 000 0 und d | ||
| 082 | |a 895.922134 | ||
| 082 | |b V305 | ||
| 100 | |a Viễn Phương | ||
| 245 | 0 | |a Quê hương địa đạo: Truyện và ký ; Tuyển thơ Viễn Phương: Thơ | |
| 245 | 0 | |c Viễn Phương | |
| 260 | |a Hà Nội | ||
| 260 | |b Hội Nhà văn | ||
| 260 | |c 2015 | ||
| 650 | |a Vietnamese literature | ||
| 650 | |y 20th century | ||
| 904 | |i Trần Thu Thảo, Trúc | ||
| 980 | |a Trung tâm Học liệu Trường Đại học Cần Thơ | ||